000 01059cam a2200301 a 4500
999 _c130145
_d130145
001 13592048
003 ARRUPE
005 20200121122416.0
008 040513s2005 enka b 001 0 eng
010 _a 2004011362
020 _a0415303249 (alk. paper)
020 _a0415303257 (pbk. : alk. paper)
040 _aDLC
_cDLC
_dDLC
043 _ae-uk---
050 0 0 _aPR3562
_b.S4
082 0 0 _a821/.4
_222
100 _aBurkhart, Marian Seldin
_948940
245 0 0 _aJohn Milton's Paradise lost :
_cMarian Seldin Burkhart
260 _aLondon ;
_bMonarch Press,
300 _a154 p. :
_c22 cm.
440 0 _aMonarch notes
_948941
504 _aIncludes bibliographical references (p. 161-165 ) and index.
600 1 0 _aMilton, John,
_tExaminations
_vStudy guides
_948942
650 _aFall of man in literature
_xExaminations
_xStudy guide
_948943
906 _a7
_bcbc
_corignew
_d1
_eecip
_f20
_gy-gencatlg
942 _2lcc
_cMONOGRAPH